000 00572nam a2200241Ia 4500
003 OSt
005 20220924142909.0
006 a|||||r|||| 00| 0
007 ta
008 ASM
020 _c20
024 _a303726
037 _cTextual
040 _aARTS
_cARTS
_bASM
041 _2ASM
_aASM
082 _aO158,1N04x, M1
100 _aBaruva P.
_9214256
245 0 _aParvatiprasad baruva rachanavali
260 _c1981
650 _aASSAMESE LITERATURE
_911738
942 _hO158,1N04x, M1
_cTEXL
_2CC
999 _c452365
_d452365